The Dating of Heneni’s False Door at Hildesheim /
This article deals with dating the false door of Heneni which was found at Giza and is now preserved in the Roemer-und Pelizaeus-Museum, Hildesheim. The false door is dated from late in the reign of Pepy II to the Eighth Dynasty on the basis of the place of its discovery in the cemetery, the name of...
المؤلف الرئيسي:
التنسيق: كتاب
اللغة: Undetermined
الوصول للمادة أونلاين: Login to view Source
الوسوم: إضافة وسم
رقم الطلب:
| LEADER | 01113nam a2200109Ia 4500 | ||
|---|---|---|---|
| 008 | 220712s9999||||xx |||||||||||||| ||und|| | ||
| 100 | 1 | |a Soleiman, Saleh. | |
| 245 | 1 | 4 | |a The Dating of Heneni’s False Door at Hildesheim / |c Saleh Soleiman. |
| 520 | 3 | |a This article deals with dating the false door of Heneni which was found at Giza and is now preserved in the Roemer-und Pelizaeus-Museum, Hildesheim. The false door is dated from late in the reign of Pepy II to the Eighth Dynasty on the basis of the place of its discovery in the cemetery, the name of its owner, the titles and epithets of the deceased, the prt-xrw formula, and its form and decoration. The small size and location of Heneni’s tomb are discussed. His rank and status are determined, the short offering formula on the false door is explicated, and a new reading and translation are suggested for the prt-xrw formula. doi: http://dx.doi.org/10.5913/jarce.56.2020.a013 | |
| 856 | 4 | |u https://lockwoodonlinejournals.com/index.php/jarce/workflow/access/514 | |
| 952 | |0 0 |1 0 |4 0 |7 1 |9 42422 |a JARCE |b JARCE |d 2022-08-09 |l 0 |r 2022-08-09 00:00:00 |w 2022-08-09 |y PT | ||
| 999 | |c 49185 |d 49185 | ||
